[Event "307th YMCA Autumn B"]
[Site "Warsaw"]
[Date "2025.10.22"]
[Round "5"]
[White "Bartczak, Hanna"]
[Black "Pietrzak, Wojciech"]
[Result "0-1"]
[WhiteElo "1739"]
[BlackElo "1844"]
[PlyCount "56"]
[EventDate "2025.09.25"]
[EventType "tourn"]
[EventRounds "1"]
[EventCountry "POL"]
[SourceDate "2025.09.25"]

1. d4 d5 2. c4 e6 3. g3 Nf6 4. Bg2 dxc4 5. Qa4+ Nbd7 6. Qxc4 a6 7. Nf3 b5 8.
Qc2 Bb7 9. O-O Bd6 10. Nbd2 O-O 11. e4 e5 12. d5 Rc8 13. Rd1 c6 14. dxc6 Rxc6
15. Qd3 Nc5 16. Qe2 Qc7 17. Ne1 a5 18. Nb3 Ncxe4 19. Qxb5 Nxf2 20. Kxf2 a4 21.
Qxa4 Rc4 22. Qa5 Bc5+ 23. Kf1 Bb6 24. Qd2 Ba6 25. Nd3 Rc2 26. Ke1 Rxd2 27. Rxd2
Qc4 28. Nxe5 Re8 0-1

[Event "307th YMCA Autumn B"]
[Site "Warsaw"]
[Date "2025.10.23"]
[Round "5"]
[White "Sucharski, Jakub"]
[Black "Moskwinski, Marek"]
[Result "1-0"]
[WhiteElo "1815"]
[BlackElo "1907"]
[PlyCount "41"]
[EventDate "2025.09.25"]
[EventType "tourn"]
[EventRounds "1"]
[EventCountry "POL"]
[SourceDate "2025.09.25"]

1. e4 e5 2. Nf3 Nf6 3. Nxe5 Qe7 4. d4 Nc6 5. Nc3 Nxe5 6. dxe5 Qxe5 7. Bd3 Bb4
8. O-O Bxc3 9. bxc3 d6 10. Qe1 Bd7 11. f4 Qh5 12. f5 g5 13. e5 Ng4 14. exd6+
Kd8 15. Qe7+ Kc8 16. h3 Nh6 17. dxc7 g4 18. Bg5 Kxc7 19. Qc5+ Bc6 20. Bf4+ Kc8
21. Qd6 1-0

[Event "307th YMCA Autumn B"]
[Site "Warsaw"]
[Date "2025.10.23"]
[Round "5"]
[White "Basiaga, Sebastian"]
[Black "Bobinski, Lukasz"]
[Result "0-1"]
[WhiteElo "1881"]
[BlackElo "1914"]
[PlyCount "50"]
[EventDate "2025.09.25"]
[EventType "tourn"]
[EventRounds "1"]
[EventCountry "POL"]
[SourceDate "2025.09.25"]

1. e4 c5 2. Nf3 Nc6 3. d4 cxd4 4. Nxd4 Nf6 5. Nc3 e5 6. Ndb5 d6 7. Bg5 a6 8.
Bxf6 gxf6 9. Na3 b5 10. Nd5 f5 11. Bd3 Be6 12. c4 Qa5+ 13. Qd2 Qxd2+ 14. Kxd2
Bh6+ 15. Kd1 Bxd5 16. exd5 Nd4 17. cxb5 e4 18. Bc4 Rg8 19. g3 Rb8 20. bxa6 Rxb2
21. Rb1 Rd2+ 22. Ke1 e3 23. fxe3 Bxe3 24. Rb8+ Ke7 25. Rxg8 Nf3+ 0-1

[Event "307th YMCA Autumn B"]
[Site "Warsaw"]
[Date "2025.10.23"]
[Round "5"]
[White "Markiewicz, Michal"]
[Black "Jaroszuk, Marcin"]
[Result "1/2-1/2"]
[WhiteElo "1890"]
[BlackElo "1735"]
[PlyCount "107"]
[EventDate "2025.09.25"]
[EventType "tourn"]
[EventRounds "1"]
[EventCountry "POL"]
[SourceDate "2025.09.25"]

1. d4 e6 2. c4 f5 3. Nc3 Nf6 4. g3 Be7 5. Bg2 O-O 6. Nf3 d6 7. O-O Ne4 8. Qd3
Nxc3 9. Qxc3 a5 10. b3 Nc6 11. Bb2 Bf6 12. Rad1 Qe7 13. Qd2 e5 14. d5 Nb8 15.
Bc3 Nd7 16. b4 axb4 17. Bxb4 b6 18. Qc2 e4 19. Nd4 Ne5 20. Rfe1 Ba6 21. Nxf5
Qd7 22. Bxe4 Nxc4 23. Nd4 Qh3 24. Ne6 Rf7 25. Bf5 Qh6 26. Nf4 Kh8 27. Be6 Re7
28. Ng2 Rf8 29. Qf5 g6 30. Qe4 Ne5 31. Bd2 Qg7 32. Ne3 Bb7 33. Qb4 Bc8 34. Bxc8
Rxc8 35. Rc1 Rf7 36. Ng4 Nxg4 37. Qxg4 Rcf8 38. Be3 Re8 39. Red1 Rfe7 40. Rc4
Kg8 41. Rdc1 Bb2 42. R1c2 Bf6 43. Kf1 Qf7 44. Bg5 Bxg5 45. Qxg5 Re5 46. Qf4 Rf5
47. Qd4 Rxd5 48. Qc3 Rc5 49. Rxc5 dxc5 $11 50. Rd2 Qe6 51. Qf3 Rf8 52. Qb7 Rf7
53. Qa8+ Kg7 54. Qd8 $11 1/2-1/2

[Event "307th YMCA Autumn B"]
[Site "Warsaw"]
[Date "2025.10.23"]
[Round "5"]
[White "Kadzinski, Wieslaw"]
[Black "Mazurek, Jerzy"]
[Result "1/2-1/2"]
[WhiteElo "1915"]
[BlackElo "1922"]
[PlyCount "33"]
[EventDate "2025.09.25"]
[EventType "tourn"]
[EventRounds "1"]
[EventCountry "POL"]
[SourceDate "2025.09.25"]

1. e4 c5 2. Nf3 d6 3. d4 cxd4 4. Nxd4 Nf6 5. Nc3 Nc6 6. Bc4 Qb6 7. Nb3 e6 8.
O-O Be7 9. Be3 Qc7 10. Be2 a6 11. a4 Na5 12. Nxa5 Qxa5 13. Qe1 Bd7 14. f4 Bc6
15. Bf3 O-O 16. g4 Rfc8 17. g5 $11 1/2-1/2

[Event "307th YMCA Autumn B"]
[Site "Warsaw"]
[Date "2025.10.30"]
[Round "6"]
[White "Kania, Tomasz"]
[Black "Mazurek, Jerzy"]
[Result "1/2-1/2"]
[WhiteElo "1775"]
[BlackElo "1922"]
[PlyCount "41"]
[EventDate "2025.09.25"]
[EventType "tourn"]
[EventRounds "1"]
[EventCountry "POL"]
[SourceDate "2025.09.25"]

1. Nf3 d5 2. c4 e6 3. g3 Nf6 4. d4 dxc4 5. Bg2 Bd7 6. Ne5 Bc6 7. Nxc6 Nxc6 8.
Qa4 Qd7 9. Qxc4 Nxd4 10. O-O c5 11. Nc3 Rd8 12. a4 Be7 13. Rd1 Nd5 14. Nxd5
exd5 15. Qd3 Bf6 16. e3 c4 17. Qf1 Nb3 18. Rxd5 Qc7 19. Rb1 O-O 20. e4 Nxc1 21.
Rxc1 $11 1/2-1/2

[Event "307th YMCA Autumn B"]
[Site "Warsaw"]
[Date "2025.10.30"]
[Round "6"]
[White "Jaroszuk, Marcin"]
[Black "Kadzinski, Wieslaw"]
[Result "1/2-1/2"]
[WhiteElo "1735"]
[BlackElo "1915"]
[PlyCount "36"]
[EventDate "2025.09.25"]
[EventType "tourn"]
[EventRounds "1"]
[EventCountry "POL"]
[SourceDate "2025.09.25"]

1. Nf3 Nf6 2. g3 g6 3. Bg2 Bg7 4. d4 d6 5. O-O O-O 6. c4 c5 7. Nc3 Nc6 8. dxc5
dxc5 9. Be3 Qa5 10. Qa4 Nd7 $11 11. Qxa5 Nxa5 12. Nd2 Bxc3 13. bxc3 Rb8 14. Bf4
e5 15. Bh6 Re8 16. Bd5 Nf6 17. e4 Ng4 18. Be3 b6 $11 1/2-1/2

[Event "307th YMCA Autumn B"]
[Site "Warsaw"]
[Date "2025.10.30"]
[Round "6"]
[White "Bobinski, Lukasz"]
[Black "Markiewicz, Michal"]
[Result "0-1"]
[WhiteElo "1914"]
[BlackElo "1890"]
[PlyCount "136"]
[EventDate "2025.09.25"]
[EventRounds "1"]
[EventCountry "POL"]
[SourceDate "2025.09.25"]

1. d4 Nf6 2. c4 g6 3. Nc3 Bg7 4. e4 d6 5. Be2 O-O 6. Nf3 Nbd7 7. O-O e5 8. Re1
c6 9. Bf1 Ne8 10. Rb1 Nc7 11. d5 c5 12. g4 f5 13. gxf5 gxf5 14. exf5 Rxf5 15.
Ne4 Qf8 16. Bg2 Nf6 17. Ng3 Nh5 18. Nxf5 Bxf5 19. Ng5 Bxb1 20. Qxh5 Bg6 21. Qh3
Bf5 22. Qg3 Re8 23. Ne4 Kh8 24. Kh1 Rd8 25. Qh4 Rd7 26. Bh3 Bxe4+ 27. Qxe4 Rf7
28. Be3 Ne8 29. Be6 Rf6 30. Rg1 Nc7 31. Bh3 Bh6 32. Bf1 Bxe3 33. Bd3 Rh6 34.
Qxe3 Qf4 35. Qxf4 exf4 36. Re1 Rh3 37. Bf5 Rh5 38. Bc8 b5 39. Re7 Na8 40. Bg4
Rg5 41. Be6 Nb6 42. Re8+ Kg7 43. Rg8+ Kf6 44. Rxg5 Kxg5 45. cxb5 Na4 46. b3 Nc3
47. a4 f3 48. h3 Kf4 49. Kh2 h6 50. h4 c4 51. bxc4 Nxa4 52. h5 Nc5 53. Bh3 Ne4
54. Bf1 Nc5 55. Bh3 Ne4 56. Kg1 Kg5 57. Bf1 Kxh5 58. Bd3 Nc5 59. Bc2 Kg4 60.
Kh2 $11 h5 61. Bg6 h4 62. Bf7 Ne4 63. Bg6 Nxf2 64. c5 dxc5 65. d6 Kf4 66. d7
Ng4+ 67. Kg1 Kg3 68. Bd3 h3 0-1

[Event "307th YMCA Autumn B"]
[Site "Warsaw"]
[Date "2025.11.12"]
[Round "6"]
[White "Moskwinski, Marek"]
[Black "Basiaga, Sebastian"]
[Result "1/2-1/2"]
[WhiteElo "1907"]
[BlackElo "1881"]
[PlyCount "104"]
[EventDate "2025.09.25"]
[EventType "tourn"]
[EventRounds "1"]
[EventCountry "POL"]
[SourceDate "2025.09.25"]

1. Nc3 d5 2. f4 c5 3. e3 Nf6 4. Nf3 g6 5. b3 Bg7 6. Bb2 O-O 7. Be2 Nc6 8. O-O
Ne4 9. d4 cxd4 10. Nxe4 dxe4 11. Nxd4 Qb6 12. c3 Rd8 13. Qc2 Nxd4 14. cxd4 f5
15. Rac1 Be6 16. Qc7 Rd7 17. Qc5 Bf6 18. Rc2 Bd5 19. Bb5 Rdd8 20. Rfc1 Qxc5 21.
Rxc5 Kf8 22. Rc7 a6 23. Bd7 Rab8 24. Ba3 b6 25. Bc6 Bxc6 26. R1xc6 Ke8 27. Ra7
Rdc8 28. Rxc8+ Rxc8 29. Rxa6 Rc2 30. Bb4 Re2 31. Rxb6 Rxa2 32. Rb8+ Kd7 33. Bc5
Kc6 34. Rc8+ Kd7 35. Rb8 Kc7 36. Rb4 Kc6 37. Ra4 Rb2 38. b4 Kb5 39. Ra7 Kc4 40.
Bxe7 Bxe7 41. Rxe7 Kd3 42. d5 Kxe3 43. h3 Kxf4 44. d6 Rxb4 45. d7 Rd4 46. Rxh7
Kg5 47. Rf7 f4 48. Kf2 Rd2+ 49. Kf1 Rd6 50. Kf2 Rd2+ 51. Kf1 Rd6 52. Kf2 Rd2+
1/2-1/2

[Event "307th YMCA Autumn B"]
[Site "Warsaw"]
[Date "2025.10.29"]
[Round "6"]
[White "Pietrzak, Wojciech"]
[Black "Sucharski, Jakub"]
[Result "1/2-1/2"]
[WhiteElo "1844"]
[BlackElo "1815"]
[PlyCount "51"]
[EventDate "2025.09.25"]
[EventType "tourn"]
[EventRounds "1"]
[EventCountry "POL"]
[SourceDate "2025.09.25"]

1. e4 c5 2. Nf3 Nc6 3. d4 cxd4 4. Nxd4 Nf6 5. Nc3 e6 6. Ndb5 d6 7. Bf4 e5 8.
Bg5 a6 9. Na3 b5 10. Nab1 Be7 11. Bxf6 Bxf6 12. a4 b4 13. Nd5 Bg5 14. Bc4 O-O
15. O-O Kh8 16. c3 Be6 17. Qd3 a5 18. Bb5 Ne7 19. cxb4 f5 20. Nxe7 Qxe7 21.
bxa5 fxe4 22. Qxe4 Bf5 23. Qd5 Be6 24. Qe4 Bf5 25. Qd5 Be6 26. Qe4 $11 1/2-1/2

[Event "307th YMCA Autumn B"]
[Site "Warsaw"]
[Date "2025.10.30"]
[Round "6"]
[White "Pettersson, Alexander"]
[Black "Bartczak, Hanna"]
[Result "1/2-1/2"]
[WhiteElo "1829"]
[BlackElo "1739"]
[PlyCount "100"]
[EventDate "2025.09.25"]
[EventType "tourn"]
[EventRounds "1"]
[EventCountry "POL"]
[SourceDate "2025.09.25"]

1. d4 Nf6 2. c4 c5 3. d5 b5 4. cxb5 a6 5. b6 g6 6. Nc3 Qxb6 7. e4 d6 8. Be2 Bg7
9. Nf3 O-O 10. O-O Nbd7 11. a4 Bb7 12. a5 Qc7 13. Nd2 e6 14. Nc4 exd5 15. exd5
Rfb8 16. Bf4 Ne8 17. Re1 Ne5 18. Nb6 Ra7 19. Bf1 Rd8 20. Bg3 Bc8 21. h3 Bf5 22.
f4 Nd7 23. Nca4 Qb8 24. Bh4 Ndf6 25. Ra3 Nc7 26. Rae3 Re8 27. Rxe8+ Ncxe8 28.
g4 Bd7 29. Nc3 Bb5 30. Bg2 Nd7 31. Nxb5 axb5 32. Qe2 Bd4+ 33. Kh1 Ng7 34. Qxb5
Nxb6 35. axb6 Rb7 36. Ra1 Rxb6 37. Qd7 Rb7 38. Qc6 Ne8 39. Re1 Ng7 40. f5 Rb6
41. Qd7 Be5 42. f6 Ne8 43. Bg3 Nxf6 44. Qe7 Rb7 45. Rxe5 Rxe7 46. Rxe7 Kf8 47.
Re2 Ne8 48. Bf4 Qb3 49. Kh2 Qb5 50. Rf2 Kg8 $11 1/2-1/2

[Event "307th YMCA Autumn B"]
[Site "Warsaw"]
[Date "2025.11.06"]
[Round "7"]
[White "Bartczak, Hanna"]
[Black "Kania, Tomasz"]
[Result "1/2-1/2"]
[WhiteElo "1739"]
[BlackElo "1775"]
[PlyCount "130"]
[EventDate "2025.09.25"]
[EventType "tourn"]
[EventRounds "1"]
[EventCountry "POL"]
[SourceDate "2025.09.25"]

1. d4 Nf6 2. Nc3 d5 3. Bf4 a6 4. e3 b5 5. a3 e6 6. Nf3 c5 7. Be2 Bb7 8. O-O
Nbd7 9. Ne5 Nxe5 10. Bxe5 Nd7 11. Bg3 Be7 12. Bf3 Nf6 13. Re1 O-O 14. e4 b4 15.
e5 Nd7 16. axb4 cxb4 17. Ne2 a5 18. c4 bxc3 19. Nxc3 Ba6 20. Be2 Bb4 21. Bxa6
Rxa6 22. Qd3 Rc6 23. Bf4 Qb8 24. Re3 Rfc8 25. Rh3 Nf8 26. Bd2 Rc4 27. Nd1 Bxd2
28. Qxd2 Qb6 29. Rd3 Rb4 30. b3 Ng6 31. g3 Ne7 32. Ne3 h6 33. Ra3 Rb8 34. Nc2
Rb5 35. Rc3 Nc6 36. Rd3 Nb4 37. Rc3 Nxc2 38. Rxc2 Rxb3 39. Rxa5 Rb4 40. Rac5
Rb1+ 41. Kg2 Qa6 42. Rc1 Rxc1 43. Qxc1 Qd3 44. Qe3 Qf5 45. Rc7 Rb1 46. Rc3 Rd1
47. f3 Ra1 48. Qd3 Ra2+ 49. Kg1 Ra1+ 50. Kg2 $11 Ra2+ 51. Kg1 Qxd3 52. Rxd3 Kh7
53. h4 h5 54. Kf1 Kg6 55. Ke1 Kf5 56. Rd2 Ra3 57. Kf2 f6 58. exf6 gxf6 59. Ke2
Ra1 60. Kf2 Ra5 61. Ke3 Ra1 62. Kf2 Rh1 63. Kg2 Rc1 64. Kf2 Rc4 65. Ke3 Rc3+
1/2-1/2

[Event "307th YMCA Autumn B"]
[Site "Warsaw"]
[Date "2025.11.06"]
[Round "7"]
[White "Sucharski, Jakub"]
[Black "Pettersson, Alexander"]
[Result "1-0"]
[WhiteElo "1815"]
[BlackElo "1829"]
[PlyCount "99"]
[EventDate "2025.09.25"]
[EventType "tourn"]
[EventRounds "1"]
[EventCountry "POL"]
[SourceDate "2025.09.25"]

1. e4 g6 2. d4 Bg7 3. Nc3 c6 4. f4 d5 5. e5 h5 6. Nf3 Bg4 7. Bd3 e6 8. Be3 Nh6
9. Bf2 Nd7 10. O-O Rc8 11. h3 Bxf3 12. Qxf3 Nf5 13. b4 h4 14. Nb1 Bf8 15. c3
Be7 16. Nd2 b6 17. Rab1 Kf8 18. c4 dxc4 19. Nxc4 Nb8 20. Qe4 Qd5 21. Rfc1 Kg7
22. Nd2 Rhd8 23. Qxd5 Rxd5 24. Nf3 Rdd8 25. Be4 Ng3 26. Bxg3 hxg3 27. Rc2 a6
28. Kf1 c5 29. Rbc1 c4 30. Rxc4 Rxc4 31. Rxc4 b5 32. Rc7 Bxb4 33. Ng5 Nd7 34.
Bc6 Nf8 35. Rxf7+ Kg8 36. d5 exd5 37. e6 Nxe6 38. Nxe6 Rd6 39. Rf8+ Kh7 40.
Ng5+ Kg7 41. Rf7+ Kg8 42. Rc7 Bd2 43. Nf7 Rf6 44. Bxd5 Rxf4+ 45. Ke2 Rf2+ 46.
Kd3 Bf4 47. Ng5+ Kf8 48. Rf7+ Ke8 49. Bc6+ Kd8 50. Ne6+ 1-0

[Event "307th YMCA Autumn B"]
[Site "Warsaw"]
[Date "2025.11.04"]
[Round "7"]
[White "Basiaga, Sebastian"]
[Black "Pietrzak, Wojciech"]
[Result "1-0"]
[WhiteElo "1881"]
[BlackElo "1844"]
[PlyCount "159"]
[EventDate "2025.09.25"]
[EventType "tourn"]
[EventRounds "1"]
[EventCountry "POL"]
[SourceDate "2025.09.25"]

1. b3 e5 2. Bb2 Nc6 3. e3 Nf6 4. Bb5 Bd6 5. Na3 Na5 6. Be2 a6 7. c4 O-O 8. Nf3
Re8 9. Nc2 c5 10. d3 Nc6 11. Ng5 Bc7 12. O-O h6 13. Ne4 Nxe4 14. dxe4 d6 15.
Bg4 Rb8 16. Bc3 b5 17. Bxc8 Qxc8 18. Qd3 Qe6 19. Rab1 Rb7 20. Rbd1 bxc4 21.
bxc4 Reb8 22. f4 Qe8 23. Rf3 Rb1 24. Rdf1 Nd8 25. fxe5 dxe5 26. Ne1 Rc1 27. Qd2
Rbb1 28. Nd3 Rxf1+ 29. Rxf1 Rxf1+ 30. Kxf1 Qe6 31. Nb2 Qf6+ 32. Kg1 Ne6 33. Qd5
Qg5 34. Nd1 Qd8 35. Qxd8+ Nxd8 36. Kf1 f6 37. Ke2 Kf7 38. Kd3 Ke6 39. g4 Nc6
40. a3 Ba5 41. Bxa5 Nxa5 42. Nc3 Nc6 43. Ne2 Ne7 44. Ng3 g6 45. Kc3 Nc8 46. h4
Nd6 47. Kd3 f5 48. exf5+ gxf5 49. gxf5+ Nxf5 50. Ne4 Nxh4 51. Nxc5+ Kf5 52.
Nxa6 e4+ 53. Ke2 Ke5 54. Nc5 Nf5 55. Nb3 h5 56. Nd2 h4 57. a4 h3 58. Nf1 Kd6
59. a5 Kc5 60. Kf2 Ne7 61. Nd2 Nc6 62. a6 Kb6 63. Nxe4 Kxa6 64. Kg3 Ne5 65. c5
h2 66. Kxh2 Ng4+ 67. Kg3 Nxe3 68. Kf4 Nd5+ 69. Ke5 Nb4 70. Kd6 Kb7 71. Nc3 Nc6
72. Kd7 Nb8+ 73. Kd6 Nc6 74. Nd5 Na5 75. Ne7 Nc4+ 76. Kd7 Ne5+ 77. Ke6 Nc6 78.
Nf5 Nd8+ 79. Kd7 Nc6 80. Nd6+ 1-0

[Event "307th YMCA Autumn B"]
[Site "Warsaw"]
[Date "2025.11.21"]
[Round "7"]
[White "Markiewicz, Michal"]
[Black "Moskwinski, Marek"]
[Result "0-1"]
[WhiteElo "1890"]
[BlackElo "1907"]
[PlyCount "156"]
[EventDate "2025.09.25"]
[EventType "tourn"]
[EventRounds "1"]
[EventCountry "POL"]
[SourceDate "2025.09.25"]

1. d4 Nf6 2. c4 d6 3. Nc3 e5 4. Nf3 exd4 5. Nxd4 d5 6. Bf4 dxc4 7. e3 Bd6 8.
Bg5 O-O 9. Bxc4 Bd7 10. Qf3 Nc6 11. Nxc6 Bxc6 12. Bd5 Bxd5 13. Nxd5 Be7 14.
Nxe7+ Qxe7 15. O-O Qe4 16. Qg3 Nd5 17. Rfd1 c6 18. f3 Qg6 19. e4 f6 20. exd5
Qxg5 21. Qxg5 fxg5 22. dxc6 bxc6 23. Rd6 Rad8 24. Rad1 Rxd6 25. Rxd6 Rf6 26.
Rd4 Rf4 27. Rd3 Rc4 28. Rd2 Kf7 29. Kf2 Ke6 30. Ke3 h5 31. g3 g6 32. h3 Rc1 33.
h4 gxh4 34. gxh4 Rh1 35. Rd4 Rh2 36. Rb4 c5 37. Rb7 Rxh4 38. Rxa7 Rb4 39. b3 h4
40. Rc7 Kd5 41. Rg7 Rb6 $11 42. Rd7+ Ke5 43. f4+ Ke6 44. Rh7 Ra6 45. Rxh4 Rxa2
46. Rh6 Kf5 47. Rh8 Ra3 48. Rf8+ Kg4 49. Rc8 Rxb3+ 50. Kf2 Rf3+ 51. Kg2 Rc3 52.
Rf8 c4 53. Rf6 Rc2+ 54. Kf1 Kf3 55. Ke1 Ke3 56. Kd1 Rg2 57. f5 g5 58. Re6+ Kd3
59. Rd6+ Ke4 60. f6 Rf2 61. Ke1 Rf5 62. Rc6 Kd3 63. Rd6+ Kc3 64. Ke2 g4 65. Re6
Kb2 66. Re4 c3 67. Rb4+ Kc2 68. Rxg4 Rxf6 69. Rc4 Rd6 70. Rb4 Re6+ 71. Kf2 Kd2
72. Rd4+ Kc1 73. Rd5 c2 74. Rb5 Kd2 75. Rd5+ Kc3 76. Rc5+ Kd3 77. Rd5+ Kc4 78.
Rd8 Re5 0-1

[Event "307th YMCA Autumn B"]
[Site "Warsaw"]
[Date "2025.11.06"]
[Round "7"]
[White "Kadzinski, Wieslaw"]
[Black "Bobinski, Lukasz"]
[Result "1-0"]
[WhiteElo "1915"]
[BlackElo "1914"]
[PlyCount "88"]
[EventDate "2025.09.25"]
[EventType "tourn"]
[EventRounds "1"]
[EventCountry "POL"]
[SourceDate "2025.09.25"]

1. e4 c5 2. Nf3 Nc6 3. d4 cxd4 4. Nxd4 Nf6 5. Nc3 e5 6. Ndb5 d6 7. Nd5 Nxd5 8.
exd5 Nb8 9. c4 a6 10. Qa4 Nd7 11. Qa3 Nb6 12. Nc3 Be7 13. Be2 O-O 14. O-O Bf5
15. Be3 Qc7 16. Qb4 Nd7 17. Rac1 b6 18. Qa3 Bg6 19. Kh1 f5 20. f3 e4 21. f4 Qd8
22. Qb3 Nc5 23. Qd1 a5 24. b3 Bf6 25. Nb5 Be8 26. Nd4 Bd7 27. Qd2 Re8 28. Rb1
Qe7 29. Rfe1 Kh8 30. a3 Qf7 31. Rec1 Re7 32. b4 axb4 33. axb4 Nd3 34. Bxd3 exd3
35. Qxd3 Qe8 36. Bg1 Re4 37. Qd2 Bxd4 38. Bxd4 Re2 39. Qc3 Raa2 40. Re1 Qe4 41.
Rxe2 Rxe2 42. Rg1 Qe7 43. Bxb6 Ba4 44. Qa3 Be8 $138 1-0

[Event "307th YMCA Autumn B"]
[Site "Warsaw"]
[Date "2025.11.25"]
[Round "7"]
[White "Mazurek, Jerzy"]
[Black "Jaroszuk, Marcin"]
[Result "1-0"]
[WhiteElo "1922"]
[BlackElo "1735"]
[PlyCount "55"]
[EventDate "2025.09.25"]
[EventType "tourn"]
[EventRounds "1"]
[EventCountry "POL"]
[SourceDate "2025.09.25"]

1. e4 e6 2. d4 d5 3. e5 c5 4. c3 Nc6 5. Nf3 Bd7 6. Be2 cxd4 7. cxd4 Nge7 8. Nc3
Nf5 9. O-O Rc8 10. Kh1 Be7 11. Bd3 Nfxd4 12. Nxd4 Nxd4 13. Qg4 Nf5 14. Bxf5
exf5 15. Qxg7 Rf8 16. Bh6 Be6 17. Qxh7 Rc4 18. Bxf8 Bxf8 19. Rad1 Rh4 20. Qg8
Rg4 21. Qh8 Rh4 22. Qf6 Be7 23. Qg7 Bf8 24. Qg3 d4 25. Qd3 Qb6 26. Ne2 Bd5 27.
Nxd4 Qh6 28. Nf3 1-0

[Event "307th YMCA Autumn B"]
[Site "Warsaw"]
[Date "2025.11.13"]
[Round "8"]
[White "Bobinski, Lukasz"]
[Black "Mazurek, Jerzy"]
[Result "1/2-1/2"]
[WhiteElo "1914"]
[BlackElo "1922"]
[PlyCount "91"]
[EventDate "2025.09.25"]
[EventType "tourn"]
[EventRounds "1"]
[EventCountry "POL"]
[SourceDate "2025.09.25"]

1. d4 Nf6 2. c4 g6 3. Nc3 Bg7 4. e4 d6 5. Nf3 O-O 6. Be2 e5 7. O-O Nc6 8. d5
Ne7 9. b4 a5 10. Ba3 b6 11. bxa5 Rxa5 12. Bb4 Ra8 13. a4 Nd7 14. a5 Nc5 15.
axb6 Rxa1 16. Qxa1 cxb6 17. Qa7 Bd7 18. Ra1 f5 19. Bxc5 bxc5 20. Ra6 Nc8 21.
Qb7 Rf7 22. Qb8 Bf8 23. Nd2 Qg5 24. Qb2 f4 25. f3 Qh4 26. Qb1 g5 27. Nb5 h5 28.
Nc7 Rf6 29. Ne6 Bxe6 30. dxe6 Rxe6 31. Nf1 g4 32. Qd1 Rg6 33. Qd5+ Kh7 34. Qf7+
Bg7 35. Ra1 Ne7 36. Nd2 Nc6 37. Nb3 Nd4 38. Nxd4 cxd4 39. Qd5 Qe7 40. Ra8 Qh4
41. Ra1 Qe7 42. Ra8 Qc7 43. Ra6 Qb8 44. Qb5 Qd8 45. Qd5 Qh4 46. Ra1 1/2-1/2

[Event "307th YMCA Autumn B"]
[Site "Warsaw"]
[Date "2025.11.13"]
[Round "8"]
[White "Moskwinski, Marek"]
[Black "Kadzinski, Wieslaw"]
[Result "1-0"]
[WhiteElo "1907"]
[BlackElo "1915"]
[PlyCount "61"]
[EventDate "2025.09.25"]
[EventType "tourn"]
[EventRounds "1"]
[EventCountry "POL"]
[SourceDate "2025.09.25"]

1. e4 e5 2. Nf3 Nc6 3. Nc3 Nf6 4. a3 d5 5. Bb5 dxe4 6. Nxe5 Bd6 7. Nxc6 bxc6 8.
Bxc6+ Bd7 9. Bxe4 O-O 10. d3 Rb8 11. Be3 Ng4 12. Bxa7 c5 13. Bxb8 Qxb8 14. Rb1
Re8 15. Kf1 f5 16. Bd5+ Kh8 17. h3 Nxf2 18. Kxf2 Bg3+ 19. Kf1 Re1+ 20. Qxe1
Bxe1 21. Kxe1 Qg3+ 22. Kd1 Be8 23. Bf3 g5 24. Re1 Bg6 25. b4 c4 26. b5 cxd3 27.
cxd3 Qd6 28. Kd2 Qb6 29. a4 g4 30. hxg4 fxg4 31. Be4 1-0

[Event "307th YMCA Autumn B"]
[Site "Warsaw"]
[Date "2025.11.12"]
[Round "8"]
[White "Pietrzak, Wojciech"]
[Black "Markiewicz, Michal"]
[Result "1/2-1/2"]
[WhiteElo "1844"]
[BlackElo "1890"]
[PlyCount "199"]
[EventDate "2025.09.25"]
[EventType "tourn"]
[EventRounds "1"]
[EventCountry "POL"]
[SourceDate "2025.09.25"]

1. e4 c5 2. Nf3 g6 3. d4 cxd4 4. Nxd4 Nc6 5. Nc3 Bg7 6. Nxc6 bxc6 7. Bc4 Qa5 8.
Bd2 Nf6 9. Qe2 d6 10. O-O O-O 11. Rad1 Qb6 12. Qd3 Nd7 13. Na4 Qc7 14. f4 Nb6
15. Ba5 Qb7 16. Nxb6 axb6 17. Bc3 b5 18. Bxg7 Kxg7 19. Bb3 Qb6+ 20. Kh1 b4 21.
f5 Ba6 22. c4 f6 23. Rf3 Qc5 24. Rh3 Rh8 25. Qd2 Rag8 26. Qh6+ Kf7 27. Rg3 Bc8
28. Rf1 Ke8 29. Qf4 g5 30. Qd2 h5 31. Rc1 g4 32. Bd1 Rg5 33. Rb3 h4 34. Qe3
Qxe3 35. Rxe3 c5 36. Ba4+ Kd8 37. Bc6 Kc7 38. Bd5 Bd7 39. a3 Rb8 40. Rb3 Ba4
41. Re3 g3 42. h3 Rh5 43. b3 Bc6 44. a4 Rhh8 45. Kg1 Rh5 46. Rf1 Rg5 47. Rf4
Rh8 48. Kf1 Kb6 49. Ke2 Rh7 50. Kd3 Be8 51. Rf1 Rh8 52. Ref3 Bd7 53. Rf4 Rhh5
54. Bf7 Rh7 55. Bg6 Rh6 56. Ke3 Rh8 57. Kf3 Bc8 58. Rg4 Rxg4 59. hxg4 Bd7 60.
Bh5 Be8 61. Rh1 Bxh5 62. Rxh4 Bxg4+ 63. Kxg4 Rg8+ 64. Kf4 Rg5 65. Rh7 Kc6 66.
Rxe7 Rh5 67. Rg7 Rh4+ 68. Rg4 Rh1 69. Rxg3 Rf1+ 70. Rf3 Rg1 71. g4 Rg2 72. Re3
Rf2+ 73. Kg3 Rc2 74. Kf3 Rc1 75. Kf4 Rg1 76. Rg3 Rf1+ 77. Rf3 Rg1 78. Rg3 Rf1+
79. Ke3 Rb1 80. Kd2 Rb2+ 81. Kd1 Rb1+ 82. Kc2 Re1 83. Kd3 Rb1 84. Kc2 Re1 85.
g5 fxg5 86. Rxg5 Rxe4 87. Kd3 Rh4 88. Ke3 Rh3+ 89. Ke4 Rxb3 90. f6 Kd7 91. f7
Ke7 92. Rf5 Kf8 93. Kd5 Rd3+ 94. Kc6 b3 95. Rf2 Rc3 96. Kxd6 Rc2 97. Rf3 b2 98.
Rb3 Rxc4 99. Rxb2 Rxa4 100. Kxc5 $11 1/2-1/2

[Event "307th YMCA Autumn B"]
[Site "Warsaw"]
[Date "2025.11.13"]
[Round "8"]
[White "Pettersson, Alexander"]
[Black "Basiaga, Sebastian"]
[Result "1/2-1/2"]
[WhiteElo "1829"]
[BlackElo "1881"]
[PlyCount "107"]
[EventDate "2025.09.25"]
[EventType "tourn"]
[EventRounds "1"]
[EventCountry "POL"]
[SourceDate "2025.09.25"]

1. d4 d5 2. c4 c6 3. cxd5 cxd5 4. Nc3 Nf6 5. Nf3 Nc6 6. Bf4 Bf5 7. Qb3 Na5 8.
Qa4+ Bd7 9. Qc2 Rc8 10. e3 e6 11. Bd3 Be7 12. O-O O-O 13. Ne5 h6 14. h3 Nc6 15.
Qe2 Be8 16. Rac1 a6 17. Bb1 Nd7 18. Qd3 f5 19. Nxc6 Rxc6 20. Ne2 Nf6 21. Qd2
Bd6 22. Rxc6 Bxc6 23. Rc1 Qe7 24. Bxd6 Qxd6 25. Nf4 Kf7 26. Qa5 Rc8 27. Nd3 Nd7
28. f4 Qe7 29. Qe1 Qd8 30. Nc5 Nxc5 31. Rxc5 Bd7 32. Qc3 b6 33. Rxc8 Qxc8 34.
Qxc8 Bxc8 35. Bd3 g6 36. Kf2 Ke7 37. Ke2 Kd6 38. Kd2 Kc7 39. Kc3 b5 40. a4 Kb6
41. axb5 axb5 42. Kb4 Bd7 43. Be2 Be8 44. g4 Bd7 45. h4 Be8 46. Bf3 Bf7 47. Be2
Be8 48. gxf5 exf5 49. Bf3 Bf7 50. Be2 Be8 51. b3 h5 52. Bf3 Bc6 53. Bg2 Bb7 54.
Bf1 $11 1/2-1/2

[Event "307th YMCA Autumn B"]
[Site "Warsaw"]
[Date "2025.11.13"]
[Round "8"]
[White "Bartczak, Hanna"]
[Black "Sucharski, Jakub"]
[Result "0-1"]
[WhiteElo "1739"]
[BlackElo "1815"]
[PlyCount "50"]
[EventDate "2025.09.25"]
[EventType "tourn"]
[EventRounds "1"]
[EventCountry "POL"]
[SourceDate "2025.09.25"]

1. d4 d5 2. Nf3 Nf6 3. Bg5 c5 4. dxc5 e6 5. Nc3 Bxc5 6. e4 Qb6 7. Bd3 dxe4 8.
Bxe4 Qxb2 9. Bxf6 gxf6 10. O-O Qxc3 11. Rb1 Nc6 12. Rb3 Qc4 13. Re1 Nd4 14.
Nxd4 Qxd4 15. Qe2 Rb8 16. Rd1 Qe5 17. Qd3 Ke7 18. Bxb7 Rxb7 19. Rxb7+ Bxb7 20.
Qd7+ Kf8 21. Qxb7 Qe2 22. Rf1 Kg7 23. Qb3 Rd8 24. Qg3+ Kf8 25. Qc7 Bxf2+ 0-1

[Event "307th YMCA Autumn B"]
[Site "Warsaw"]
[Date "2025.12.03"]
[Round "9"]
[White "Basiaga, Sebastian"]
[Black "Bartczak, Hanna"]
[Result "1-0"]
[WhiteElo "1881"]
[BlackElo "1739"]
[PlyCount "49"]
[EventDate "2025.09.25"]
[EventType "tourn"]
[EventRounds "1"]
[EventCountry "POL"]
[SourceDate "2025.09.25"]

1. e4 d6 2. d4 Nf6 3. Nc3 g6 4. Be3 c6 5. Qd2 b5 6. f3 a5 7. g4 h5 8. g5 Nfd7
9. f4 Ba6 10. Bg2 Nb6 11. b3 b4 12. Nce2 Bg7 13. Nf3 N8d7 14. O-O Rc8 15. f5 c5
16. fxg6 fxg6 17. Nf4 Nf8 18. Rf2 cxd4 19. Nxd4 Bxd4 20. Bxd4 e5 21. Bb2 Rh7
22. Nd5 Nxd5 23. Qxd5 Bb7 24. Qg8 Qe7 25. Rxf8+ 1-0